Un siglo de teatro en México /

I tiakina i:
Ngā taipitopito rārangi puna kōrero
Kaituhi matua: Olguín, David (coord.)
Hōputu: Pukapuka
Reo:Pāniora
I whakaputaina: México : CONACULTA : Fondo de Cultura Económica, 2011, c2011
Rangatū:(Biblioteca Mexicana)
Ngā marau:
Ngā Tūtohu: Tāpirihia he Tūtohu
Kāore He Tūtohu, Me noho koe te mea tuatahi ki te tūtohu i tēnei pūkete!

MARC

LEADER 00000nam^a2200000^a^4500
001 000378453
005 20250521000000.0
009 20260310120453.489
020 |a 978-607-16-0816-1 
037 |a Acervo ITESO - Biblioteca 
041 |a ESP 
082 |a 792. 097206  |b OLG 
100 |a Olguín, David  |e (coord.) 
245 1 3 |a Un siglo de teatro en México /  |c Coord. de D. Olguín. 
264 4 |a México :  |b CONACULTA :  |b Fondo de Cultura Económica,  |c 2011, c2011 
300 |a 394 p. 
336 |a texto  |b txt  |2 rdacontenido 
337 |a sin mediación  |b n  |2 rdamedio 
338 |a volumen  |b nc  |2 rdasoporte 
440 1 |a (Biblioteca Mexicana) 
649 |a XX 
650 |a Teatro Mexicano -  |y Siglo XIX 
650 |a Teatro Mexicano -  |y Siglo XX -  |x Tema Principal 
650 |a Teatro Mexicano -  |x Historia y Crítica 
650 |a Artes Escénicas -  |z México -  |x Historia -  |y Siglo XX 
650 |a Historia Social -  |z México 
650 |a México -  |x Historia -  |y Siglo XX 
650 |a México -  |x Condiciones Sociales y Culturales 
910 |a Fondo General 
920 |a Impresos - Libros 
930 |a Colección General 
905 |a 101 
901 |a 0500272937  |b IT1  |c ACC  |i C145155  |u 20250521 
902 |a https://opac.biblio.iteso.mx/vufind/Record/000378453